000 00238nam a2200097Ia 4500
001 1214892
005 20250827024541.0
008 250824s9999 xx 000 0 und d
245 0 _aSÜPER SEKİZLER
_cAYŞEN OY
260 _bMARTI YAYINCILIK
999 _c1214892
_d1214892